Responses for Show #5009 - Thursday, May 25, 2006

Contestants

[<< previous game]

Julie Backer, a librarian from Vancouver, British Columbia, Canada

Robb Muhm, a pediatrician from Scottsdale, Arizona

Tricia Barreiro, an interactive project manager from Santa Monica, California (whose 2-day cash winnings total $24,398)

[next game >>]

Jeopardy! Round responses

ON COLONIAL MAPS
NOT A BEST PICTURE OSCAR WINNER
PARTS OF THE WHOLE
(Alex: We'll give you the parts, you tell us the object of those parts.)
THE VEEP
NUTRITION
"H-M"
(Alex: Each correct response will begin with the letter H and end with the letter M. There might be one, two, three, or four--maybe more--letters in between.)
    $200 11
Vietnam

Tricia
    $200 6
Citizen Kane

Tricia
    $200 21
[Julie gave both listed responses.]

stairways (or steps)

Julie
    $200 16
(Julie: Who is Nixon?)

Spiro Agnew

Julie
Triple Stumper
    $200 26
water

Julie
    $200 1
a harem

Tricia
    $400 12
(Tricia: What is Western...)

Sahara

Tricia
Triple Stumper
    $400 7
Miracle on 34th Street

Tricia
    $400 22
spectacles (or eyeglasses)

Julie
    $400 17
Aaron Burr

Tricia
    $400 27
grains

Julie
    $400 2
Hakeem

Julie
    $600 13
Singapore

Robb
    $600 8
(Julie: What is A Man for All Seasons?)

Lilies of the Field

TriciaJulie
    $600 23
a zipper

Julie
    $600 18
(Tricia: Who is LBJ?)

(Hubert) Humphrey

TriciaRobb
    $600 28
antioxidants

Julie
    $600 3
a helm

Tricia
    $2,400 14
Belgium

Robb
    $800 9
Network

Julie
    $800 24
scissors

Triple Stumper
    $800 19
Hannibal Hamlin

Triple Stumper
    $800 29
(Julie: What is tallow?)
(Tricia: What is polyunshur.. unsur.. unsaturated fat?)
(Robb: What is saturated fat?)

trans fats

TriciaRobbJulie
Triple Stumper
    $800 4
a hologram

Robb
    $1000 15
Jakarta

Triple Stumper
    $1000 10
Saving Private Ryan

Robb
    $1000 25
a door

Robb
    $1000 20
Van Buren

Julie
    $1000 30
beta-carotene

Julie
    $1000 5
a homonym

Tricia

Scores at the first commercial break (after clue 15):

Tricia Robb Julie
$2,800 $4,800 $600

Scores at the end of the Jeopardy! Round:

Tricia Robb Julie
$1,800 $5,600 $4,000

Double Jeopardy! Round responses

WORLD AUTHORS
THE EMMYS
WATCH THE BIRDIE!
EXECUTIVE JOHNS
CAPITAL PUNISHMENT
"AE"
    $400 11
(Tricia: Who is Hemingway?)

Anton Chekhov

Tricia
Triple Stumper
    $400 6
Hyde Pierce

Julie
    $400 26
a flamingo

Robb
    $400 21
(Tricia: Who is Getty?)

John D. Rockefeller

Tricia
Triple Stumper
    $400 16
Jordan

Robb
    $400 1
paella

Julie
    $800 12
(Jules) Verne

Robb
    $800 7
(Patricia) Arquette

Julie
    $800 27
a loon

Robb
    $800 22
(John) Stetson

Robb
    $800 17
Albania

Tricia
    $800 2
Ishmael

Robb
    $1200 13
Ibsen

Robb
    $1200 8
Lost

Triple Stumper
    $1200 28
a quail

Robb
    $1200 23
Papa John's

Robb
    $1200 18
Bangladesh

Robb
    $1200 3
tae kwon do

Tricia
    $1600 14
(Julie: Who is Allende?)
(Alex: Be more specific.)

Isabel Allende

Julie
    $1600 9
James Brady

Julie
    $1600 29
a puffin

Robb
    $1600 24
(Robb: What is Palm?)

Apple

Robb
Triple Stumper
    $1600 19
Laos

Triple Stumper
    $1600 4
aesthetic

Julie
    $2,000 15
(Umberto) Eco

Julie
    $2000 10
Peter Sellers

Julie
    $2000 30
a magpie

Julie
    $2000 25
(John Jacob) Astor

Tricia
    $2000 20
Liechtenstein

Tricia
    $2,000 5
(Julie: What is an eddy?)

a maelstrom

Julie

Scores at the end of the Double Jeopardy! Round:

Tricia Robb Julie
$7,000 $14,400 $14,400

[wagering suggestions for these scores]

Final Jeopardy! Round responses

MILITARY HISTORY
(Alex: There was some serious fighting and some serious heroics. 22 Medal of Honor winners in this battle.)
[Julie's response was revealed before Robb's.]
TriciaWhat is Guadalcanal?
$6,969
RobbWhat is Iwo Jima?
$10,000
JulieWhat is the Tet Offensive?
$7,000
Iwo Jima

Final scores:

Tricia Robb Julie
$31 $24,400 $7,400
3rd place: $1,000 New champion: $24,400 2nd place: $2,000

Game dynamics:

Coryat scores:

Tricia Robb Julie
$7,000 $12,800 $16,400
12 R,
5 W
17 R
(including 1 DD),
2 W
19 R
(including 1 DD),
4 W
(including 1 DD)

Combined Coryat: $36,200

[game clues] [game scores] [suggest correction]

Game tape date: 2006-03-29
The J! Archive is created by fans, for fans. Scraping, republication, monetization, and malicious use prohibited; this site may use cookies and collect identifying information. See terms. The Jeopardy! game show and all elements thereof, including but not limited to copyright and trademark thereto, are the property of Jeopardy Productions, Inc. and are protected under law. This website is not affiliated with, sponsored by, or operated by Jeopardy Productions, Inc. Join the discussion at JBoard.tv.